YA Book Character Illustrations Quiz Stats

Quiz Updated Jan 6, 2015

Challenge
Share
Tweet
Score 0/19 Timer 10:00
2 Plays Today
% Correct
Harry Potter
99.7%
Alice and Dodo (Alice in Wonderland)
82.7%
Peter Pan
72.2%
Robin Hood and Little John (The Merry Adventures of Robin Hood)
60.7%
Tom Sawyer and Ben Rogers (The Adventures of Tom Sawyer)
59.4%
Smaug (The Hobbit)
58.9%
Coraline
52.8%
Miss Honey and Matilda Wormwood (Matilda)
51.9%
Tarzan (Tarzan of the Apes)
51.2%
Lucy Pevensie and Mr. Tumnus (The Chronicles of Narnia)
51.2%
% Correct
Mowgli, Bagheera, Akela (The Jungle Book)
47.7%
Jim Hawkins and Long John Silver (Treasure Island)
39%
Violet, Klaus, and Sunny Baudelaire (A Series of Unfortunate Events)
36.5%
Mary Lennox and Dickon Sowerby (The Secret Garden)
23.8%
Percy Jackson
18.9%
Great A'Tuin (Discworld series)
7.6%
Roland Deschain / The Gunslinger (The Dark Tower series)
5.2%
Cassie, Christopher-John, and 'Little Man' Logan (Roll of Thunder, Hear My Cry)
4.4%
Uncas (The Last of the Mohicans)
3.4%

You're not logged in!

Compare scores with friends on all Sporcle quizzes.
Join for Free
OR
Log In

You Might Also Like...

Show Comments

Extras

Top Quizzes Today


Score Distribution

Your Account Isn't Verified!

In order to create a playlist on Sporcle, you need to verify the email address you used during registration. Go to your Sporcle Settings to finish the process.

Report this User

Report this user for behavior that violates our Community Guidelines.

Details: